| 000 | 00772nam a2200289Ia 4500 | ||
|---|---|---|---|
| 001 | Z_3061 | ||
| 003 | CHAP | ||
| 008 | 220113s1982 xx 000 0 und d | ||
| 010 | _a166148 | ||
| 040 | _cCHAP | ||
| 082 | _a631.45 T5y | ||
| 100 |
_aTisdale, Samuel L. _9113419 |
||
| 245 |
_aFertilidad de los suelos y fertilizantes / _cpor Samuel L. Tisdale y Werner L. Nelson |
||
| 260 |
_aMéxico, D. F. : _bUTEHA, _c1982 |
||
| 300 |
_a760 p. : _bilus. |
||
| 440 | _a | ||
| 500 | _aTrad. De : Soil fertility and fertilizer de 1966 | ||
| 503 | _a118131 | ||
| 650 |
_aFertilizantes I. Nelson, Werner _9140219 |
||
| 650 |
_aSuelos _x _xFertilidad _9140220 |
||
| 901 | _a631.45 T5y | ||
| 902 | _aA | ||
| 910 | _a1982 | ||
| 942 | _c1 | ||
| 942 | _cc1 | ||
| 999 |
_c166148 _d166148 |
||